Los controles de precios : (Registro nro. 6189)
[ vista simple ]
| 000 -CABECERA | |
|---|---|
| campo de control de longitud fija | 00662nam a22002177a 4500 |
| 005 - FECHA Y HORA DE LA ÚLTIMA TRANSACCIÓN | |
| campo de control | 20230703143914.0 |
| 007 - CAMPO FIJO DE DESCRIPCIÓN FÍSICA--INFORMACIÓN GENERAL | |
| campo de control de longitud fija | ta |
| 008 - DATOS DE LONGITUD FIJA--INFORMACIÓN GENERAL | |
| campo de control de longitud fija | 230615s1998 ve |||||r|||| 00| 0 spa d |
| 020 ## - ISBN | |
| Número Internacional Estándar del Libro | 9803661523 |
| 040 ## - FUENTE DE LA CATALOGACIÓN | |
| Centro catalogador/agencia de origen | DLC |
| Centro/agencia transcriptor | DLC |
| Centro/agencia modificador | vecauma |
| 099 ## - Cota | |
| Número de clasificación | HB236 |
| Cutter | V4 C4 |
| 100 1# - AUTOR PERSONAL | |
| 9 (RLIN) | 4879 |
| Nombre de persona | Chelminski, Vladimir |
| 245 14 - MENCIÓN DE TÍTULO | |
| Título | Los controles de precios : |
| Resto del título | buenas intenciones y trágicos resultados |
| 260 ## - PUBLICACIÓN, DISTRIBUCIÓN, ETC. | |
| Lugar de publicación, distribución, etc. | Caracas : |
| Nombre del editor, distribuidor, etc. | Panapo : |
| -- | CEDICE, |
| Fecha de publicación, distribución, etc. | 1998. |
| 300 ## - DESCRIPCIÓN FÍSICA | |
| Extensión | 208 p. |
| 490 0# - MENCIÓN DE SERIE | |
| Mención de serie | Venezuela Hoy |
| Designación de volumen o secuencia | 10 |
| 504 ## - NOTA DE BIBLIOGRAFÍA, ETC. | |
| Nota de bibliografía, etc. | Incluye referencias bibliográficas. |
| 650 #0 - PUNTO DE ACCESO ADICIONAL DE MATERIA--TÉRMINO DE MATERIA | |
| 9 (RLIN) | 4865 |
| Término de materia | CONTROL DE PRECIOS |
| Subdivisión geográfica | VENEZUELA |
| 942 ## - ELEMENTOS DE ENTRADA AGREGADA (KOHA) | |
| Fuente del sistema de clasificación o colocación | Library of Congress Classification |
| Tipo de ítem Koha | Libros |
| Estado de retiro | Estado de pérdida | Fuente del sistema de clasificación o colocación | Estado dañado | No para préstamo | Código de colección | Localización permanente | Ubicación/localización actual | Ubicación en estantería | Fecha de adquisición | Número de inventario | Total de préstamos | Cota | Código de barras | Fecha visto por última vez | Precio válido a partir de | Tipo de ítem Koha | Número de copia |
|---|---|---|---|---|---|---|---|---|---|---|---|---|---|---|---|---|---|
| Library of Congress Classification | Colección general | Biblioteca Universidad Monteávila | Biblioteca Universidad Monteávila | Colección general | 15/06/2023 | 2386 | HB236 V4 C4 | 0000000002246 | 15/06/2023 | 15/06/2023 | Libros | ||||||
| Library of Congress Classification | Colección general | Biblioteca Universidad Monteávila | Biblioteca Universidad Monteávila | Colección general | 15/06/2023 | 2405 | HB236 V4 C4 | 0000000002247 | 15/06/2023 | 15/06/2023 | Libros | ej. 2 |
